Responses for Show #8896 - Monday, June 19, 2023

Ben Goldstein game 2.

Contestants

[<< previous game]

Jonathan Belford, a television researcher originally from Garland, Texas

Mary Kate Gliedt, a nonprofit director from Kansas City, Missouri

Ben Goldstein, a content marketing strategist from Dexter, Michigan (whose 1-day cash winnings total $6,198)

[next game >>]

Jeopardy! Round responses

IT'S A SPECIAL DAY
TV
"F"IVE LETTER WORDS
THE ANIMAL KINGDOM
ON THE STATE'S LONGEST WESTERN BORDER
(Mayim: Name the neighboring state.)
GETTING AN EYEFUL
    $200 28
(Mayim: Correct, and [*] is actually today; wishing you all a meaningful [*].)

Juneteenth

Mary Kate
    $200 15
(Rosie) O'Donnell

Ben
    $200 16
a fable

Ben
    $200 27
a pancake (tortoise)

Ben
    $200 30
Arizona

Jonathan
    $200 26
eye for an eye

Ben
    $400 19
the oil industry

Jonathan
    $400 8
The Twilight Zone

Ben
    $400 4
a fence

Ben
    $400 13
an eel

Ben
    $400 29
Vermont

Jonathan
    $400 9
private eye

Ben
    $600 20
(Jonathan: What is... Guam?)

American Samoa

Jonathan
Triple Stumper
    $600 5
(Nathan) Fillion

Mary Kate
    $600 1
(Jonathan: What is a ghost?)

a flake

Mary KateJonathan
    $600 14
a gazelle (an antelope)

Jonathan
    $600 23
Alabama

Jonathan
    $600 10
The Righteous Brothers

Ben
    $800 21
(Jonathan: What is the Sinai Peninsula?)

Palestine

Jonathan
Triple Stumper
    $800 6
Peter Scolari

Jonathan
    $800 2
fever

Ben
    $800 17
(Jonathan: What is a... uh, narwhal?)

a musk ox

Jonathan
Triple Stumper
    $800 24
Montana

Triple Stumper
    $800 11
cirrus clouds

Triple Stumper
    $1000 22
(Mary Kate: What is Incan?)

Quechuan

Mary Kate
Triple Stumper
    $1000 7
Sorkin

Ben
    $800 3
(Ben: What is a filial?)

Ficus

Ben
    $1000 18
an ibis

Jonathan
    $1000 25
Oklahoma

Jonathan
    $1000 12
the Snellen chart

Triple Stumper

Scores at the first commercial break (after clue 15):

Ben Mary Kate Jonathan
$3,400 $1,200 $800

Scores at the end of the Jeopardy! Round:

Ben Mary Kate Jonathan
$4,000 $400 $2,200

Double Jeopardy! Round responses

FIRST SPEECHES IN SHAKESPEARE
(Mayim: You'll name the play.)
RANDOM FACTS
WHAT AN IDIOM!
GENERAL ASSEMBLY
WEIGHTS & MEASURES
LET'S MAKE A MOVIE CROSSOVER!
(Mayim: With two parts to each response.)
    $400 6
Romeo and Juliet

Mary Kate
    $400 10
China

Jonathan
    $400 17
bury your head in the sand

Ben
    $400 26
(Jonathan: Who is Napoleon?)

the Duke of Wellington

Jonathan
Triple Stumper
    $400 20
a pixel

Mary Kate
    $400 18
Rocky and Bullwinkle

Jonathan
    $800 5
(Ben: What is Troilus and Cressida?)

Henry V

Ben
Triple Stumper
    $800 1
Bard

Ben
    $800 14
a pound

Mary Kate
    $800 25
(Mary Kate: Who is Lee?)

Sherman

Mary Kate
Triple Stumper
    $800 21
(Jonathan: Who is... Kelvin?)

Celsius

BenJonathan
    $800 2
Snow White and the Seven Samurai

Ben
    $1,000 7
(Mary Kate: What is Othello?)

Antony and Cleopatra

Mary Kate
    $1200 9
(Ben: What's the FDIC?)

the SEC

BenJonathan
    $1200 12
a church mouse

Mary Kate
    $500 27
(Mary Kate: I... don't know.)

Charles de Gaulle

Mary Kate
    $1200 22
a cubit

Mary Kate
    $1200 3
Ron Burgundy & the Temple of Doom

Triple Stumper
    $1600 8
(Jonathan: What is Hamlet?)

King Lear

Jonathan
Triple Stumper
    $1600 11
a conclave

Mary Kate
    $1600 13
March Hare

Ben
    $1600 28
the Mongols

Ben
    $1600 23
nautical mile

Triple Stumper
    $1600 4
(Mary Kate: What is Hans Gruber Beethoven?)

Hans Gruber and Scooby-Doo

Mary Kate
Triple Stumper
    $2000 16
As You Like It

Triple Stumper
    $2000 29
the Oort

Triple Stumper
    $2000 15
(Jonathan: Who is Midas?)

Croesus

Jonathan
Triple Stumper
    $2000 30
Germanicus

Triple Stumper
    $2000 24
(Mary Kate: What is particle?)

parallax

Mary Kate
Triple Stumper
    $2000 19
Jason Meets Mrs. Doubtfire

Ben

Scores at the end of the Double Jeopardy! Round:

Ben Mary Kate Jonathan
$10,000 $100 -$600
(lock game)

[wagering suggestions for these scores]

Final Jeopardy! Round responses

ENTERTAINERS
(Mayim: Correct response--[*], she received the Courage and Civility Award.)
Mary KateWho is Oprah?
$100
BenWho is Lady Gaga?
$1,000
Dolly Parton

Final scores:

Ben Mary Kate Jonathan
$9,000 $0 -$600
2-day champion: $15,198 2nd place: $2,000 3rd place: $1,000

Game dynamics:

Coryat scores:

Ben Mary Kate Jonathan
$10,800 $1,600 -$600
18 R,
3 W
(including 1 DD)
9 R,
6 W
(including 2 DDs)
11 R,
8 W

Combined Coryat: $11,800

[game clues] [game scores] [suggest correction]

Game tape date: 2023-04-13
The J! Archive is created by fans, for fans. Scraping, republication, monetization, and malicious use prohibited; this site may use cookies and collect identifying information. See terms. The Jeopardy! game show and all elements thereof, including but not limited to copyright and trademark thereto, are the property of Jeopardy Productions, Inc. and are protected under law. This website is not affiliated with, sponsored by, or operated by Jeopardy Productions, Inc. Join the discussion at JBoard.tv.